000 00521nam a22002177a 4500
999 _c6855
_d6855
001 6855
003 BD-JhCC
005 20180131104526.0
008 180131b xxu||||| |||| 00| 0 eng d
035 _a(BD-JhCC)6855
040 _aBD-JhCC
_dBD-JhCC
041 _aeng
082 _a331.702
_bBRO 1964
100 _aBrown, Gavin
245 _aCareers For Boys /
_c Gavin Brown
260 _aLondon:
_bPan Books Ltd,
_c1964.
300 _a237 p. :
_c15 cm.
650 _aOccupation
942 _2ddc
_cBK